[Event "Sydney International Challengers"]
[Site "Parramatta, NSW"]
[Date "2009.04.15"]
[Round "1.11"]
[White "Mithran, Mirakla"]
[Black "Ivanov, Nikola"]
[Result "1/2-1/2"]
[WhiteElo "1175"]
[BlackElo "1789"]
[PlyCount "100"]
[EventDate "2009.04.15"]
[EventType "swiss"]
[EventRounds "9"]
[EventCountry "AUS"]
[SourceDate "2009.04.15"]

1. e4 d6 2. d4 Nd7 3. Nc3 a6 4. Nf3 Nb6 5. Bd3 g6 6. O-O Bg7 7. Bf4 Bg4 8. Be2
Nf6 9. Nd2 Bxe2 10. Qxe2 Nfd7 11. Nf3 c5 12. d5 Bxc3 13. bxc3 Na4 14. c4 f6 15.
Bd2 O-O 16. h4 Rb8 17. Nh2 b5 18. cxb5 axb5 19. Ng4 Nb2 20. Nh6+ Kh8 21. h5 Ne5
22. f4 Nf7 23. Nxf7+ Rxf7 24. hxg6 hxg6 25. Rf3 Rh7 26. e5 dxe5 27. fxe5 Qxd5
28. exf6 exf6 29. Bc3 Nc4 30. Bxf6+ Kg8 31. Rd1 Qc6 32. Qd3 Qe8 33. Qd5+ Rf7
34. Bc3 Ne3 35. Qg5 Rxf3 36. Qh6 Kf7 37. Qg7+ Ke6 38. Qe5+ Kf7 39. Qc7+ Qe7 40.
Rd7 Rf1+ 41. Kh2 Re8 42. Rxe7+ Rxe7 43. Qxc5 Rf5 44. Qd4 Ke8 45. Qh8+ Kd7 46.
Qh3 Kc6 47. Kg1 Rf1+ 48. Kh2 Rf5 49. Kg1 Rf1+ 50. Kh2 Rf5 1/2-1/2

[Event "Sydney International Challengers"]
[Site "Parramatta, NSW"]
[Date "2009.04.15"]
[Round "1.12"]
[White "Parker, Trent"]
[Black "Simmonds, Leteisha"]
[Result "1-0"]
[WhiteElo "1553"]
[BlackElo "1169"]
[PlyCount "97"]
[EventDate "2009.04.15"]
[EventType "swiss"]
[EventRounds "9"]
[EventCountry "AUS"]
[SourceDate "2009.04.15"]

1. d4 e6 2. c4 Bb4+ 3. Nd2 Nf6 4. e3 Ne4 5. Ngf3 f5 6. Bd3 b6 7. a3 Nxd2 8.
axb4 Nxf3+ 9. Qxf3 c6 10. O-O Bb7 11. c5 b5 12. e4 O-O 13. exf5 exf5 14. Bxb5
a5 15. Bc4+ Kh8 16. bxa5 Rxa5 17. Bg5 Qc7 18. Bf4 Qd8 19. Bd6 Rxa1 20. Rxa1 Rf6
21. Qf4 Na6 22. Bxa6 Bxa6 23. Rxa6 Qe8 24. Be5 Rf7 25. Rb6 Rf8 26. Rb8 Qf7 27.
Rxf8+ Qxf8 28. Qg5 Kg8 29. Kf1 h6 30. Qg6 Qf7 31. Qxf7+ Kxf7 32. Ke2 g6 33. Kd3
Ke6 34. Kc4 Ke7 35. b4 Ke6 36. b5 cxb5+ 37. Kxb5 Kd5 38. Kb6 Ke6 39. c6 dxc6
40. Kxc6 Ke7 41. d5 Kd8 42. Bf6+ Ke8 43. Kc7 Kf7 44. Be5 g5 45. d6 Ke6 46. Bg7
h5 47. d7 f4 48. d8=Q g4 49. Qd7# 1-0

[Event "Sydney International Challengers"]
[Site "Parramatta, NSW"]
[Date "2009.04.15"]
[Round "1.13"]
[White "Derwent, Ethan"]
[Black "Griffin, Hamish"]
[Result "0-1"]
[WhiteElo "1123"]
[BlackElo "1755"]
[PlyCount "68"]
[EventDate "2009.04.15"]
[EventType "swiss"]
[EventRounds "9"]
[EventCountry "AUS"]
[SourceDate "2009.04.15"]

1. d4 d5 2. c4 c6 3. Nc3 Nf6 4. Nf3 dxc4 5. e4 b5 6. Bg5 b4 7. Na4 Nxe4 8. Bxc4
Qa5 9. Bd2 e6 10. Qb3 Be7 11. O-O Nxd2 12. Nxd2 O-O 13. Rfe1 Bd7 14. Re5 Qc7
15. Ne4 Bc8 16. Nac5 Bd6 17. Nxd6 Qxd6 18. Qxb4 Nd7 19. Rh5 Rb8 20. Qc3 Rd8 21.
Rc1 Nf6 22. Ne4 Qxd4 23. Nxf6+ Qxf6 24. Qg3 Rxb2 25. Rg5 Rdd2 26. Rf1 Rb4 27.
Bb3 Ba6 28. Ra5 Bxf1 29. Rxa7 Rd8 30. Kxf1 Qa1+ 31. Ke2 Qb2+ 32. Ke1 Qc1+ 33.
Ke2 Qd2+ 34. Kf3 Rd3# 0-1

[Event "Sydney International Challengers"]
[Site "Parramatta, NSW"]
[Date "2009.04.15"]
[Round "1.14"]
[White "Greenwood, Norman"]
[Black "Nakauchi, Kenji"]
[Result "1/2-1/2"]
[WhiteElo "1743"]
[BlackElo "972"]
[PlyCount "215"]
[EventDate "2009.04.15"]
[EventType "swiss"]
[EventRounds "9"]
[EventCountry "AUS"]
[SourceDate "2009.04.15"]

1. d4 d5 2. Nf3 Nf6 3. c3 e6 4. Bg5 Be7 5. Nbd2 Nbd7 6. e3 O-O 7. Bd3 b6 8. O-O
Bb7 9. Ne1 Ne4 10. Bf4 c5 11. Rc1 Nxd2 12. Qxd2 c4 13. Bc2 Nf6 14. Qe2 Rc8 15.
Bb1 b5 16. Qc2 Ne4 17. f3 Nf6 18. Bg5 g6 19. Bh6 Re8 20. f4 Ng4 21. Bg5 Nxe3
22. Bxe7 Qxe7 23. Qe2 Nxf1 24. Qxf1 b4 25. Nc2 bxc3 26. bxc3 Qc7 27. Re1 Qa5
28. Qf3 Qa4 29. h4 Rb8 30. h5 Kg7 31. Qe2 a5 32. Ne3 Qd7 33. Ng4 f6 34. Qc2 Qf7
35. hxg6 Qxg6 36. Qe2 Qh5 37. Nxf6 Qxe2 38. Nxe8+ Rxe8 39. Rxe2 Rf8 40. Rxe6
Rxf4 41. Re7+ Rf7 42. Re5 h6 43. Bf5 Rf8 44. Kh2 Bc6 45. Kh3 Re8 46. Be6 Rd8
47. Kg3 Kf6 48. Kf4 Rd6 49. Bh3 Bd7 50. g4 Be6 51. Bg2 Bf7 52. Bf3 Kg7 53. Kg3
Kg6 54. Kf4 Kf6 55. g5+ hxg5+ 56. Rxg5 Ra6 57. Bg4 Ke7 58. Re5+ Kd8 59. Ke3 Bg6
60. Bf3 Bf7 61. Kd2 a4 62. Kc2 a3 63. Kd2 Kd7 64. Bg4+ Kd8 65. Bf3 Bg8 66. Rg5
Be6 67. Rg6 Kc7 68. Rxe6 Rxe6 69. Bxd5 Rb6 70. Bxc4 Kd6 71. Bf7 Rb7 72. Bc4 Rc7
73. Kd3 Ke7 74. Bb3 Rb7 75. Kc2 Kf6 76. c4 Ke7 77. c5 Kd7 78. Kc3 Kc6 79. Kc4
Kc7 80. d5 Rb8 81. Ba4 Rb2 82. Bb3 Rb1 83. Kb4 Ra1 84. c6 Kd6 85. Kxa3 Rg1 86.
Kb4 Rg8 87. Kb5 Rb8+ 88. Ka6 Kc7 89. Ka7 Rb5 90. Ka6 Rb8 91. Ka5 Kd6 92. Ka4
Kc7 93. Ka3 Kd6 94. Kb2 Rf8 95. Kc3 Rf4 96. a4 Kc7 97. Bc4 Rf8 98. a5 Kd6 99.
Kb4 Rb8+ 100. Ka4 Kc5 101. Bb3 Rb4+ 102. Ka3 Rb8 103. Kb2 Ra8 104. Kc3 Rxa5
105. Kd2 Kd6 106. Kd3 Rc5 107. Bc4 Ke5 108. Kc3 1/2-1/2

[Event "Sydney International Challengers"]
[Site "Parramatta, NSW"]
[Date "2009.04.15"]
[Round "1.16"]
[White "Erkan, Mustafa"]
[Black "Mithran, Mishael"]
[Result "1-0"]
[WhiteElo "1676"]
[BlackElo "624"]
[PlyCount "55"]
[EventDate "2009.04.15"]
[EventType "swiss"]
[EventRounds "9"]
[EventCountry "AUS"]
[SourceDate "2009.04.15"]

1. d4 d5 2. Nf3 Nf6 3. c4 dxc4 4. e3 Be6 5. Na3 Nc6 6. Nxc4 Bxc4 7. Bxc4 e6 8.
O-O Be7 9. Qe2 Qd6 10. Rd1 O-O 11. e4 Nd7 12. a3 Nb6 13. Bb3 Rad8 14. Be3 h6
15. Rac1 Rfe8 16. h3 Kf8 17. Nh2 f6 18. Qg4 Kf7 19. d5 Ne5 20. dxe6+ Kf8 21.
Qe2 Nd3 22. Qh5 Kg8 23. Ng4 c6 24. Bxh6 gxh6 25. Nxh6+ Kg7 26. Nf5+ Kg8 27.
Qg6+ Kh8 28. Qg7# 1-0

[Event "Sydney International Challengers"]
[Site "Parramatta, NSW"]
[Date "2009.04.15"]
[Round "1.17"]
[White "Su, Alexander"]
[Black "Feng, Thomas"]
[Result "0-1"]
[WhiteElo "483"]
[BlackElo "1638"]
[PlyCount "124"]
[EventDate "2009.04.15"]
[EventType "swiss"]
[EventRounds "9"]
[EventCountry "AUS"]
[SourceDate "2009.04.15"]

1. e4 e6 2. d4 d5 3. Nc3 Bb4 4. Bd3 c5 5. Be3 Nc6 6. Bb5 Qb6 7. Bxc6+ bxc6 8.
dxc5 Bxc5 9. Na4 Qa5+ 10. c3 Bxe3 11. fxe3 Ba6 12. b4 Qb5 13. Ne2 Qxe2+ 14.
Qxe2 Bxe2 15. Kxe2 dxe4 16. Rad1 Nf6 17. h4 a5 18. Rb1 axb4 19. Rxb4 Nd5 20.
Rb3 O-O 21. Nb2 Rxa2 22. Rb1 Rd8 23. c4 Ne7 24. Rd1 Rda8 25. Rd4 Nf5 26. Rxe4
Ng3+ 27. Kf3 Nxe4 28. Kxe4 Kf8 29. g4 R8a7 30. h5 Ke7 31. Nd3 R2a3 32. Rb6 f5+
33. gxf5 exf5+ 34. Kd4 Rd7+ 35. Ke5 Raxd3 36. Rxc6 Rxe3+ 37. Kxf5 Rf3+ 38. Ke5
Rf6 39. Rc5 g6 40. hxg6 hxg6 41. Rc8 Rdd6 42. c5 Rc6 43. Rxc6 Rxc6 44. Kd5 Kd7
45. Kc4 g5 46. Kd5 g4 47. Ke4 Rxc5 48. Kf4 Ke6 49. Kxg4 Kf6 50. Kf4 Rc4+ 51.
Ke3 Ke5 52. Kd3 Rd4+ 53. Ke3 Ra4 54. Kd3 Rh4 55. Kc3 Kd5 56. Kb3 Kc5 57. Ka3
Rb4 58. Ka2 Kc4 59. Ka1 Kc3 60. Ka2 Rb8 61. Ka1 Kc2 62. Ka2 Ra8# 0-1

[Event "Sydney International Challengers"]
[Site "Parramatta, NSW"]
[Date "2009.04.15"]
[Round "1.18"]
[White "Gu, Sean"]
[Black "Christian, Kashish"]
[Result "1-0"]
[WhiteElo "1530"]
[BlackElo "474"]
[PlyCount "129"]
[EventDate "2009.04.15"]
[EventType "swiss"]
[EventRounds "9"]
[EventCountry "AUS"]
[SourceDate "2009.04.15"]

1. e4 c5 2. c3 Nc6 3. d4 e6 4. d5 exd5 5. exd5 Ne5 6. Bf4 d6 7. Be2 Ng6 8. Bg3
Nf6 9. Nf3 Be7 10. O-O O-O 11. Na3 Bg4 12. Re1 h6 13. Bd3 Ne5 14. Bxe5 dxe5 15.
Rxe5 Bd6 16. Re1 Nxd5 17. Nb5 a6 18. Nxd6 Qxd6 19. c4 Rad8 20. cxd5 Qxd5 21.
Be4 Qc4 22. Qc2 Qxc2 23. Bxc2 b5 24. Ne5 Be6 25. Rad1 Rxd1 26. Rxd1 g6 27. Nd7
Rc8 28. h3 Rc7 29. Nf6+ Kf8 30. f4 Ke7 31. Nd5+ Bxd5 32. Rxd5 c4 33. Kf2 Ke6
34. Rd1 Rd7 35. Rxd7 Kxd7 36. Ke3 Kd6 37. Kd4 g5 38. f5 f6 39. g4 Kc6 40. Be4+
Kd6 41. a3 a5 42. Bd5 Kc7 43. Kc5 b4 44. axb4 axb4 45. Bxc4 Kd7 46. Kxb4 Kd6
47. Kc3 Ke5 48. b4 Kf4 49. b5 Kg3 50. Bf1 Kf2 51. b6 Kxf1 52. b7 Kg2 53. b8=Q
Kxh3 54. Qb4 Kh4 55. Kd3 h5 56. gxh5+ Kxh5 57. Qf8 g4 58. Qxf6 g3 59. Qg6+ Kh4
60. f6 Kh3 61. f7 g2 62. f8=R Kh2 63. Rf2 Kh3 64. Rxg2 Kh4 65. Rh2# 1-0

[Event "Sydney International Challengers"]
[Site "Parramatta, NSW"]
[Date "2009.04.15"]
[Round "2.1"]
[White "Savige, Colin"]
[Black "Gu, Sean"]
[Result "1-0"]
[WhiteElo "1999"]
[BlackElo "1530"]
[PlyCount "51"]
[EventDate "2009.04.15"]
[EventType "swiss"]
[EventRounds "9"]
[EventCountry "AUS"]
[SourceDate "2009.04.15"]

1. e4 c5 2. Nf3 e6 3. d4 cxd4 4. Nxd4 Nf6 5. Nc3 Nc6 6. Ndb5 Bb4 7. a3 Bxc3+ 8.
Nxc3 O-O 9. Bg5 a6 10. Bd3 b5 11. O-O Bb7 12. f4 Qb6+ 13. Kh1 Ne8 14. Rf3 f6
15. Bh4 Ne7 16. Rh3 Ng6 17. Bg3 f5 18. e5 Ne7 19. Qh5 h6 20. Bh4 Nc6 21. Rg3
Kh7 22. Qg6+ Kh8 23. Bf6 Rxf6 24. exf6 Kg8 25. f7+ Kf8 26. fxe8=Q+ 1-0

[Event "Sydney International Challengers"]
[Site "Parramatta, NSW"]
[Date "2009.04.15"]
[Round "2.2"]
[White "Hannagan, Peter"]
[Black "Weller, Tony"]
[Result "0-1"]
[WhiteElo "1452"]
[BlackElo "1987"]
[PlyCount "60"]
[EventDate "2009.04.15"]
[EventType "swiss"]
[EventRounds "9"]
[EventCountry "AUS"]
[SourceDate "2009.04.15"]

1. e4 c5 2. Nf3 e6 3. Bc4 Ne7 4. d3 d5 5. exd5 exd5 6. Bb5+ Bd7 7. Bxd7+ Qxd7
8. O-O Nbc6 9. Re1 f6 10. Nc3 Kf7 11. Bf4 Ng6 12. Bg3 Bd6 13. Bxd6 Qxd6 14. Nb5
Qd7 15. c4 d4 16. Qd2 a6 17. Na3 Rhe8 18. Nc2 Nce5 19. Nxe5+ Nxe5 20. b4 Qg4
21. Kh1 b6 22. Re4 Qf5 23. Rae1 Nxc4 24. Qf4 Qxf4 25. Rxf4 Rxe1+ 26. Nxe1 Re8
27. Re4 Rxe4 28. dxe4 Nb2 29. a3 d3 30. Nf3 c4 0-1

[Event "Sydney International Challengers"]
[Site "Parramatta, NSW"]
[Date "2009.04.15"]
[Round "2.3"]
[White "Deen-Cowell, Nicholas"]
[Black "Shaw, Robin"]
[Result "1/2-1/2"]
[WhiteElo "1408"]
[BlackElo "1853"]
[PlyCount "43"]
[EventDate "2009.04.15"]
[EventType "swiss"]
[EventRounds "9"]
[EventCountry "AUS"]
[SourceDate "2009.04.15"]

1. e4 g6 2. d4 Bg7 3. Nc3 d6 4. Be3 Nf6 5. Qd2 c6 6. f3 b5 7. Bh6 Bxh6 8. Qxh6
Qa5 9. e5 dxe5 10. dxe5 b4 11. exf6 bxc3 12. b3 Qe5+ 13. Ne2 Qxf6 14. Qe3 Na6
15. a3 Nc7 16. Qxc3 Qxc3+ 17. Nxc3 Bf5 18. O-O-O O-O 19. Bc4 Rad8 20. Rhe1 Be6
21. Bxe6 Nxe6 22. Re4 1/2-1/2

[Event "Sydney International Challengers"]
[Site "Parramatta, NSW"]
[Date "2009.04.15"]
[Round "2.4"]
[White "Bleicher, Horst"]
[Black "Yuen, Jonathan"]
[Result "0-1"]
[WhiteElo "1822"]
[BlackElo "1371"]
[PlyCount "96"]
[EventDate "2009.04.15"]
[EventType "swiss"]
[EventRounds "9"]
[EventCountry "AUS"]
[SourceDate "2009.04.15"]

1. c4 c5 2. Nc3 Nc6 3. g3 g6 4. Bg2 Bg7 5. Nf3 Nf6 6. d3 d6 7. O-O O-O 8. Rb1
Bd7 9. a3 Nh5 10. Bd2 Qc8 11. Qc1 Bh3 12. b4 Bxg2 13. Kxg2 f5 14. b5 Nd4 15.
Nxd4 Bxd4 16. Nd5 Rf7 17. e3 Bh8 18. Bc3 e6 19. Bxh8 Kxh8 20. Qb2+ Kg8 21. Nc3
Qd8 22. f4 Nf6 23. e4 Qe7 24. Rbe1 Qd7 25. Qe2 Kf8 26. Rf3 Re7 27. e5 dxe5 28.
Qxe5 Kf7 29. Qxc5 b6 30. Qe3 Ng4 31. Qg1 Qd6 32. Nb1 Rd8 33. h3 Nf6 34. Ree3
Qd4 35. Qe1 Nd7 36. Qc3 Nc5 37. Qxd4 Rxd4 38. Kf2 Red7 39. Ke2 Kf6 40. Kd2 Rxc4
41. Nc3 Nb3+ 42. Kc2 Nd4+ 43. Kb2 Rc5 44. Rf2 Rdc7 45. Ne4+ fxe4 46. Rxe4 Rxb5+
47. Ka2 Nb3 48. Re1 Nc1+ 0-1

[Event "Sydney International Challengers"]
[Site "Parramatta, NSW"]
[Date "2009.04.15"]
[Round "2.5"]
[White "Setiabudi, Megan"]
[Black "Tenorio, Leonardo"]
[Result "1/2-1/2"]
[WhiteElo "1382"]
[BlackElo "1812"]
[PlyCount "95"]
[EventDate "2009.04.15"]
[EventType "swiss"]
[EventRounds "9"]
[EventCountry "AUS"]
[SourceDate "2009.04.15"]

1. e4 c5 2. Nc3 d6 3. f4 Nf6 4. Nf3 Nc6 5. Bb5 Bd7 6. d3 a6 7. Bxc6 Bxc6 8. a4
g6 9. O-O Bg7 10. Qe1 Qd7 11. Bd2 O-O 12. Qh4 Qg4 13. Qf2 Qd7 14. Ng5 h6 15.
Nf3 b5 16. axb5 axb5 17. Nh4 Rxa1 18. Rxa1 Ng4 19. Qg3 Bd4+ 20. Kf1 Kh7 21. h3
Nf6 22. Nf3 Nh5 23. Qh4 Bf6 24. Qf2 b4 25. Nd1 Bg7 26. Qh4 Bf6 27. Qf2 Bb5 28.
g4 Bd4 29. Nxd4 cxd4 30. gxh5 b3 31. hxg6+ fxg6 32. Qg3 Qc6 33. Ke2 Qxe4+ 34.
Kf2 Qe6 35. c4 Bc6 36. Kf1 g5 37. Nf2 gxf4 38. Qg4 Qf7 39. Qe2 e5 40. Ne4 f3
41. Qe1 Qh5 42. Qg3 Bxe4 43. Ra7+ Rf7 44. Rxf7+ Qxf7 45. dxe4 Qxc4+ 46. Kg1 Qc2
47. Qxf3 Qxd2 48. Qf7+ 1/2-1/2

[Event "Sydney International Challengers"]
[Site "Parramatta, NSW"]
[Date "2009.04.15"]
[Round "2.12"]
[White "Escalante, Lorenzo"]
[Black "Mithran, Mirakla"]
[Result "1-0"]
[WhiteElo "1891"]
[BlackElo "1175"]
[PlyCount "137"]
[EventDate "2009.04.15"]
[EventType "swiss"]
[EventRounds "9"]
[EventCountry "AUS"]
[SourceDate "2009.04.15"]

1. e4 c5 2. Nf3 Nc6 3. Nc3 g6 4. d4 cxd4 5. Nxd4 Bg7 6. Be3 e6 7. Ndb5 Be5 8.
Nd6+ Bxd6 9. Qxd6 Qe7 10. Nb5 Qxd6 11. Nxd6+ Kf8 12. O-O-O h6 13. Nxc8 Rxc8 14.
Rxd7 b6 15. Bb5 Nge7 16. Rhd1 Kg7 17. c3 Rcd8 18. Bd4+ Nxd4 19. R1xd4 Rxd7 20.
Rxd7 Nc8 21. Ba6 Kf6 22. Bxc8 Rxc8 23. Rxa7 Rc5 24. Kd2 h5 25. h4 g5 26. b4 Re5
27. hxg5+ Rxg5 28. g3 Rg4 29. Ke3 Ke5 30. f4+ Kf6 31. Kf3 Rg8 32. Rd7 Ra8 33.
Rd2 Ra3 34. Rc2 Ke7 35. Ke3 Kd6 36. Kd4 f6 37. e5+ fxe5+ 38. fxe5+ Kc6 39. Rh2
Kd7 40. Kc4 Kc6 41. b5+ Kd7 42. Kb4 Ra5 43. a4 Ra8 44. Rxh5 Rg8 45. Rh7+ Kc8
46. Re7 Rxg3 47. Rxe6 Kc7 48. Rc6+ Kb7 49. a5 bxa5+ 50. Kxa5 Rg1 51. c4 Ra1+
52. Kb4 Re1 53. e6 Re5 54. Kc3 Re4 55. Kd3 Re5 56. Kd4 Re1 57. Rd6 Kc7 58. c5
Rd1+ 59. Ke5 Re1+ 60. Kf6 Rf1+ 61. Ke7 Rf5 62. Rc6+ Kb7 63. Kd6 Rf8 64. e7 Re8
65. Kd7 Rh8 66. Rb6+ Ka7 67. Kc7 Rc8+ 68. Kxc8 Ka8 69. Ra6# 1-0

[Event "Sydney International Challengers"]
[Site "Parramatta, NSW"]
[Date "2009.04.15"]
[Round "2.13"]
[White "Ivanov, Nikola"]
[Black "Weltner, Michael"]
[Result "0-1"]
[WhiteElo "1789"]
[BlackElo "1391"]
[PlyCount "120"]
[EventDate "2009.04.15"]
[EventType "swiss"]
[EventRounds "9"]
[EventCountry "AUS"]
[SourceDate "2009.04.15"]

1. f4 d5 2. e3 c5 3. Nf3 Nc6 4. b3 Nf6 5. Bb2 h6 6. Be2 Bf5 7. O-O e6 8. d3 Be7
9. Ne5 Rc8 10. Nd2 O-O 11. c4 d4 12. e4 Bh7 13. Ng4 Nb4 14. Rf3 Nxg4 15. Nf1
Qc7 16. a3 Nc6 17. Bc1 e5 18. f5 Qd8 19. Rg3 Nf2 20. Qe1 Nxe4 21. dxe4 Bh4 22.
Bxh6 Bxg3 23. Qxg3 Qf6 24. Bg5 Qd6 25. Bd3 Kh8 26. Qh4 f6 27. Bd2 Rg8 28. Ng3
g5 29. fxg6 Rxg6 30. Nh5 Rcg8 31. g3 Qe6 32. Rf1 Rf8 33. b4 b6 34. Rf5 Ne7 35.
Rf2 Ng8 36. b5 Qg4 37. Qxg4 Rxg4 38. Re2 Bg6 39. h3 Bxh5 40. hxg4 Bxg4 41. Rf2
Rf7 42. a4 Rh7 43. a5 Kg7 44. a6 Nh6 45. Bxh6+ Rxh6 46. Kg2 Kg6 47. Kf1 Rh5 48.
Kg2 f5 49. Be2 Bh3+ 50. Kg1 Rg5 51. Kh2 Bg4 52. Bxg4 Rxg4 53. exf5+ Kf6 54. Kh3
Re4 55. g4 d3 56. Rf3 d2 57. Rd3 Rd4 58. Rxd4 exd4 59. Kh4 d1=Q 60. Kh5 Qh1#
0-1

[Event "Sydney International Challengers"]
[Site "Parramatta, NSW"]
[Date "2009.04.15"]
[Round "2.16"]
[White "McCook, Jake"]
[Black "Canfell, Mike"]
[Result "1-0"]
[WhiteElo "1188"]
[BlackElo "1932"]
[PlyCount "55"]
[EventDate "2009.04.15"]
[EventType "swiss"]
[EventRounds "9"]
[EventCountry "AUS"]
[SourceDate "2009.04.15"]

1. e4 c5 2. Nc3 a6 3. g3 b5 4. d3 Bb7 5. Bg2 e6 6. f4 d5 7. e5 Nc6 8. Nf3 Nh6
9. O-O Nf5 10. Qe1 h5 11. h3 c4 12. dxc4 Bc5+ 13. Kh2 dxc4 14. Ne4 Be7 15. c3
Qb6 16. Bd2 Rd8 17. Rd1 Nb8 18. Nf2 h4 19. g4 Ng3 20. Rg1 Bc5 21. Nd4 Rxd4 22.
cxd4 Bxd4 23. Ba5 Bxf2 24. Bxb6 Bxe1 25. Rd8+ Ke7 26. Rxh8 Bxg2 27. Kxg2 Nd7
28. Bd8# 1-0

[Event "Sydney International Challengers"]
[Site "Parramatta, NSW"]
[Date "2009.04.15"]
[Round "2.17"]
[White "Simmonds, Leteisha"]
[Black "Hvistendahl, Robert"]
[Result "1-0"]
[WhiteElo "1169"]
[BlackElo "1888"]
[PlyCount "89"]
[EventDate "2009.04.15"]
[EventType "swiss"]
[EventRounds "9"]
[EventCountry "AUS"]
[SourceDate "2009.04.15"]

1. e4 c5 2. Nf3 d6 3. c3 Nf6 4. Bd3 e6 5. Bc2 Nc6 6. d3 Qc7 7. Bf4 Nh5 8. Be3
d5 9. d4 Nf4 10. O-O cxd4 11. Nxd4 Nxd4 12. cxd4 dxe4 13. Bxe4 Bd6 14. g3 Ng6
15. Bg2 h5 16. h3 Bd7 17. Nd2 Bc6 18. Ne4 Bxe4 19. Bxe4 Bxg3 20. Rc1 Qd6 21.
Bxb7 Rd8 22. Qf3 Bh2+ 23. Kh1 Nh4 24. Qc6+ Kf8 25. Bg5 f6 26. Qxd6+ Bxd6 27.
Bxh4 Kf7 28. d5 Rb8 29. dxe6+ Kxe6 30. Rfe1+ Be5 31. f4 Rxb7 32. fxe5 fxe5 33.
Rc5 Rxb2 34. Rcxe5+ Kd6 35. Re6+ Kd5 36. Re7 Rxa2 37. Rxg7 a5 38. Rd1+ Kc4 39.
Rc7+ Kb5 40. Rb1+ Ka6 41. Rcb7 Rh6 42. Bg3 a4 43. Bb8 Ka5 44. Ra7+ Ra6 45. Bc7#
1-0

[Event "Sydney International Challengers"]
[Site "Parramatta, NSW"]
[Date "2009.04.15"]
[Round "2.18"]
[White "Christensen, Joshua"]
[Black "Banovic, Milko"]
[Result "1-0"]
[WhiteElo "1882"]
[BlackElo "1332"]
[PlyCount "88"]
[EventDate "2009.04.15"]
[EventType "swiss"]
[EventRounds "9"]
[EventCountry "AUS"]
[SourceDate "2009.04.15"]

1. d4 f5 2. Nf3 Nf6 3. c4 e6 4. a3 c6 5. Nc3 Be7 6. e3 O-O 7. Be2 b6 8. O-O Bb7
9. b4 d5 10. c5 b5 11. a4 bxa4 12. Qxa4 Qc7 13. b5 Ne4 14. Nxe4 fxe4 15. Ne5
Bf6 16. bxc6 Bxc6 17. Nxc6 Nxc6 18. Bb5 Ne7 19. Bd2 Rf7 20. Bd7 Kh8 21. Ba5 Qb8
22. Rfb1 Qf8 23. Bxe6 Bh4 24. Bxf7 Qxf7 25. g3 Rf8 26. Rb2 Nf5 27. Qd1 Qg6 28.
Bc7 Be7 29. Kh1 h5 30. Rb8 Nh6 31. Rxf8+ Bxf8 32. Qe2 Qf7 33. Bf4 Ng4 34. c6
Qf5 35. Kg2 g5 36. Be5+ Nxe5 37. Qxh5+ Kg8 38. dxe5 Bc5 39. c7 d4 40. Rb1 Bb6
41. Qe8+ Kg7 42. c8=Q Qf3+ 43. Kg1 dxe3 44. Qh8+ Kg6 1-0

[Event "Sydney International Challengers"]
[Site "Parramatta, NSW"]
[Date "2009.04.15"]
[Round "2.19"]
[White "Mithran, Mishael"]
[Black "Miranda, Adrian"]
[Result "0-1"]
[WhiteElo "624"]
[BlackElo "1469"]
[PlyCount "78"]
[EventDate "2009.04.15"]
[EventType "swiss"]
[EventRounds "9"]
[EventCountry "AUS"]
[SourceDate "2009.04.15"]

1. e4 e6 2. d4 d5 3. e5 c5 4. Nf3 Nc6 5. Bb5 Bd7 6. O-O Nxe5 7. Nxe5 Bxb5 8.
Re1 Nf6 9. Nc3 Bc6 10. Bg5 h6 11. Nxc6 bxc6 12. Bxf6 Qxf6 13. dxc5 Bxc5 14. Rf1
Bd4 15. Qf3 Qxf3 16. gxf3 Bxc3 17. bxc3 Rb8 18. Rab1 Kd7 19. Rb3 Rb6 20. Rfb1
Rhb8 21. Kf1 Kd6 22. Ke2 Rxb3 23. Rxb3 Rxb3 24. axb3 Ke5 25. Ke3 g5 26. b4 a6
27. h3 f5 28. Kd3 Kf4 29. Ke2 e5 30. Ke1 Kxf3 31. Kf1 g4 32. hxg4 fxg4 33. Kg1
h5 34. Kf1 h4 35. Kg1 h3 36. Kf1 h2 37. Ke1 h1=Q+ 38. Kd2 Kxf2 39. Kd3 Qd1# 0-1

[Event "Sydney International Challengers"]
[Site "Parramatta, NSW"]
[Date "2009.04.15"]
[Round "2.20"]
[White "Barker, Ken"]
[Black "Talisayon, Samuel"]
[Result "1-0"]
[WhiteElo "1468"]
[BlackElo "1192"]
[PlyCount "81"]
[EventDate "2009.04.15"]
[EventType "swiss"]
[EventRounds "9"]
[EventCountry "AUS"]
[SourceDate "2009.04.15"]

1. e4 c5 2. Nf3 a6 3. g3 Nc6 4. Bg2 e5 5. d3 d6 6. O-O Bg4 7. h3 Be6 8. Nbd2 h6
9. Nc4 b5 10. Ne3 g5 11. Nf5 Nf6 12. Nh2 Nd4 13. c3 Nxf5 14. exf5 Bxf5 15. Qf3
Be6 16. Qxa8 Qxa8 17. Bxa8 Bd5 18. Bxd5 Nxd5 19. Bd2 Be7 20. Rae1 h5 21. f4
gxf4 22. gxf4 Rg8+ 23. Kh1 Bh4 24. Re2 Kd7 25. fxe5 dxe5 26. Nf3 Bg3 27. Nxe5+
Kc8 28. Nxf7 Bc7 29. Rf5 Nb6 30. Bf4 c4 31. d4 Bxf4 32. Rxf4 Nd5 33. Rfe4 Rg3
34. Kh2 Rf3 35. Ne5 Rf1 36. Kg2 Rf5 37. Rf2 Rg5+ 38. Kh2 Kb7 39. Nd7 Kc6 40.
Nc5 Nc7 41. Rf6+ 1-0

[Event "Sydney International Challengers"]
[Site "Parramatta, NSW"]
[Date "2009.04.15"]
[Round "2.21"]
[White "Christian, Kashish"]
[Black "Barcelona, Eliel"]
[Result "0-1"]
[WhiteElo "474"]
[BlackElo "1455"]
[PlyCount "98"]
[EventDate "2009.04.15"]
[EventType "swiss"]
[EventRounds "9"]
[EventCountry "AUS"]
[SourceDate "2009.04.15"]

1. e4 e6 2. d4 d5 3. e5 c5 4. c3 Nc6 5. g3 Qb6 6. Ne2 cxd4 7. cxd4 Bb4+ 8. Bd2
Nxd4 9. Nxd4 Qxd4 10. Bg2 Qxe5+ 11. Qe2 Qxb2 12. Qb5+ Bd7 13. Qxb4 Qxa1 14. Qb3
Qe5+ 15. Qe3 Qxe3+ 16. Bxe3 Bb5 17. Bd4 f6 18. f4 Nh6 19. Nc3 Bc4 20. a3 Nf5
21. Bf2 O-O 22. g4 Nd6 23. Bc5 Rfd8 24. Bh3 b6 25. Bd4 Nb5 26. Nxb5 Bxb5 27. g5
f5 28. Kf2 Rdc8 29. Ke3 Rc2 30. Re1 Rac8 31. Kf3 Kf7 32. Kg3 R8c3+ 33. Bxc3
Rxc3+ 34. Kh4 Rxa3 35. Rg1 Rf3 36. Ra1 a6 37. Rf1 Bxf1 38. Bxf1 Rxf1 39. Kg3 d4
40. Kg2 Rxf4 41. Kg3 e5 42. h4 d3 43. h5 d2 44. g6+ hxg6 45. hxg6+ Kxg6 46. Kg2
d1=Q 47. Kg3 Qg4+ 48. Kh2 Rf2+ 49. Kh1 Qg2# 0-1

[Event "Sydney International Challengers"]
[Site "Parramatta, NSW"]
[Date "2009.04.15"]
[Round "2.22"]
[White "Leong, Edward"]
[Black "Derwent, Ethan"]
[Result "1-0"]
[WhiteElo "1432"]
[BlackElo "1123"]
[PlyCount "71"]
[EventDate "2009.04.15"]
[EventType "swiss"]
[EventRounds "9"]
[EventCountry "AUS"]
[SourceDate "2009.04.15"]

1. e4 c5 2. Nf3 d6 3. d4 cxd4 4. Nxd4 Nf6 5. Nc3 g6 6. Be3 Bg7 7. f3 O-O 8. Qd2
Nc6 9. O-O-O d5 10. exd5 Nxd5 11. Nxc6 bxc6 12. Nxd5 cxd5 13. Qxd5 Qc7 14. Qc5
Qb7 15. Bd4 Bf5 16. c3 Rfc8 17. Qb5 Bh6+ 18. Rd2 Bxd2+ 19. Kxd2 Qxb5 20. Bxb5
Rd8 21. Kc1 a6 22. Ba4 Rac8 23. Rd1 f6 24. Bb3+ Kg7 25. f4 Bg4 26. Rd2 h6 27.
h3 Bf5 28. g4 Bd7 29. Bb6 e5 30. Bxd8 Rxd8 31. fxe5 fxe5 32. Ba4 Bxa4 33. Rxd8
e4 34. b3 Bb5 35. c4 Bc6 36. Rc8 1-0